000 00386nam a22001577a 4500
005 20200524143954.0
008 200524b xxu||||| |||| 00| 0 eng d
041 _aeng
082 _a340
100 _aBARE ACT
_95744
245 _aTHE CRIMINAL LAW (AMENDMENT) ACTS ORDINANCES
260 _aDELHI
_bPROFESSIONAL BOOK PUBLISHERS
300 _a76;p
650 _aLAW
_95701
942 _cBK
999 _c6508
_d6506